[Event "DEM U12/U12w 2009"]
[Site "Willingen GER"]
[Date "2009.06.05"]
[Round "10"]
[White "Herbst, Timothy"]
[Black "Schmücker, Felix"]
[Result "1-0"]
[Termination "normal"]
[Board "19"]
[WhiteElo "1416"]
[BlackElo "1657"]
[PlyCount "71"]
[WhiteFideId "12900346"]
[BlackFideId "12900273"]
[EventCountry "GER"]
[EventRounds "11"]
[EventType "swiss"]
[EventDate "2009.05.30"]

1. e4 d5 2. exd5 Nf6 3. Bb5+ Bd7 4. Be2 Nxd5 5. d4 g6 6. Nf3 Bg7 7. c4 Nb6 8.
Nc3 Bg4 9. Be3 O-O 10. h3 Bxf3 11. Bxf3 c6 12. Be2 e6 13. O-O Qc7 14. Qc2 Rd8
15. Rad1 N8d7 16. Rfe1 Rac8 17. b4 a6 18. a4 e5 19. a5 Na8 20. c5 Nf6 21. Bf3
exd4 22. Bxd4 Re8 23. Be3 Rcd8 24. Rxd8 Rxd8 25. Rd1 Qc8 26. Ne4 Nxe4 27. Rxd8+
Qxd8 28. Qxe4 Nc7 29. Qc2 Ne6 30. Bg4 Qd5 31. Bxe6 Qxe6 32. Qd2 Qd5 33. Qxd5
cxd5 34. b5 Be5 35. c6 bxc6 36. bxa6 1-0

[Event "DEM U12/U12w 2009"]
[Site "Willingen GER"]
[Date "2009.06.05"]
[Round "10"]
[White "Birnkraut, Tim"]
[Black "Ruff, Maximilian"]
[Result "0-1"]
[Termination "normal"]
[Board "20"]
[WhiteElo "1328"]
[BlackElo "1651"]
[PlyCount "84"]
[WhiteFideId "24609587"]
[BlackFideId "1271670"]
[EventCountry "GER"]
[EventRounds "11"]
[EventType "swiss"]
[EventDate "2009.05.30"]

1. e4 e5 2. Nf3 Nc6 3. Bc4 Bc5 4. c3 Nf6 5. d3 O-O 6. O-O d5 7. exd5 Nxd5 8.
Nbd2 Bg4 9. Re1 Nb6 10. Bb3 Qxd3 11. Bc2 Qd7 12. h3 Bxf3 13. Qxf3 Rad8 14. Ne4
Be7 15. Ng5 Bxg5 16. Bxg5 f6 17. Rad1 Qe7 18. Be3 Rxd1 19. Rxd1 Rd8 20. Rxd8+
Qxd8 21. Qf5 g6 22. Qe6+ Kh8 23. Qf7 Qe7 24. Qxe7 Nxe7 25. Bc5 Nc6 26. Bb3 Kg7
27. Kf1 f5 28. Ke2 Nd7 29. Be3 Kf6 30. Kf3 Nb6 31. g3 Na5 32. h4 Nxb3 33. axb3
a6 34. c4 Nd7 35. Ke2 Ke6 36. Kd2 Nf6 37. f3 e4 38. Bd4 exf3 39. Bxf6 Kxf6 40.
Ke3 Ke5 41. Kxf3 h6 42. c5 g5 0-1

[Event "DEM U12/U12w 2009"]
[Site "Willingen GER"]
[Date "2009.06.05"]
[Round "10"]
[White "Müller, Constantin"]
[Black "Tennert, Simon"]
[Result "1/2-1/2"]
[Termination "normal"]
[Board "21"]
[WhiteElo "1565"]
[BlackElo "1729"]
[PlyCount "91"]
[WhiteFideId "24697630"]
[BlackFideId "1270445"]
[EventCountry "GER"]
[EventRounds "11"]
[EventType "swiss"]
[EventDate "2009.05.30"]

1. e4 e5 2. Nf3 Nc6 3. Bc4 Bc5 4. c3 Nf6 5. d3 h6 6. h3 d6 7. Bb3 Be6 8. Bc2
Bb6 9. Nbd2 O-O 10. Nf1 a5 11. Ng3 Re8 12. O-O Ne7 13. Nh4 c6 14. Qf3 Ng6 15.
Nhf5 d5 16. Be3 Bc7 17. Rfd1 Qc8 18. Nxh6+ Kh7 19. Nhf5 Rh8 20. Nh5 Nxh5 21.
Qxh5+ Kg8 22. Qxg6 fxg6 23. Ne7+ Kf7 24. Nxc8 Raxc8 25. Bb3 b5 26. exd5 cxd5
27. d4 e4 28. a4 b4 29. cxb4 axb4 30. Rac1 Ba5 31. Rc5 Rxc5 32. dxc5 Rd8 33.
Bf4 d4 34. Bxe6+ Kxe6 35. Bd6 d3 36. b3 Kd5 37. Rc1 Rc8 38. Kf1 Ra8 39. Ke1 Bd8
40. g3 Bf6 41. Rc4 Bc3+ 42. Kd1 Re8 43. Bf4 Rc8 44. Be3 Rc6 45. h4 Rc7 46. Kc1
1/2-1/2

[Event "DEM U12/U12w 2009"]
[Site "Willingen GER"]
[Date "2009.06.05"]
[Round "10"]
[White "Knopf, Felix"]
[Black "Abrahamyan, Arsen"]
[Result "1/2-1/2"]
[Termination "normal"]
[Board "22"]
[WhiteElo "1741"]
[BlackElo "1573"]
[PlyCount "95"]
[WhiteFideId "24692204"]
[BlackFideId "1271755"]
[EventCountry "GER"]
[EventRounds "11"]
[EventType "swiss"]
[EventDate "2009.05.30"]

1. d4 Nf6 2. Nf3 d6 3. c4 Nbd7 4. Nc3 e5 5. e4 g6 6. Be2 Bg7 7. O-O O-O 8. d5
Nc5 9. Qc2 a5 10. b3 Ne8 11. Ne1 f5 12. f3 f4 13. Rb1 h5 14. a3 g5 15. b4 axb4
16. axb4 Nd7 17. Nd3 Ndf6 18. c5 g4 19. Bd2 gxf3 20. Bxf3 Bg4 21. b5 Bxf3 22.
Rxf3 Ng4 23. b6 cxb6 24. Rxb6 dxc5 25. Rxb7 Nd6 26. Rb1 Nc4 27. Qc1 Nxd2 28.
Qxd2 c4 29. Nc5 Rf6 30. Qe2 Rg6 31. Ne6 Qh4 32. Rh3 Qe7 33. Nd1 Qa7+ 34. Kf1 c3
35. Rc1 Ne3+ 36. Nxe3 fxe3 37. Qxe3 Qa2 38. Rg3 Qc4+ 39. Kg1 Rxg3 40. Qxg3 Ra7
41. Nxg7 Rxg7 42. Qxc3 Qxe4 43. Qd2 Kh7 44. Qc2 Rxg2+ 45. Qxg2 Qe3+ 46. Qf2
Qxc1+ 47. Kg2 Qg5+ 48. Kf1 1/2-1/2

[Event "DEM U12/U12w 2009"]
[Site "Willingen GER"]
[Date "2009.06.05"]
[Round "10"]
[White "Oehne, Timo"]
[Black "Hansch, Stephan"]
[Result "1/2-1/2"]
[Termination "normal"]
[Board "23"]
[WhiteElo "1551"]
[BlackElo "1791"]
[PlyCount "74"]
[WhiteFideId "24661635"]
[EventCountry "GER"]
[EventRounds "11"]
[EventType "swiss"]
[EventDate "2009.05.30"]

1. d4 Nf6 2. c4 g6 3. Nc3 Bg7 4. e4 d6 5. f4 O-O 6. Nf3 c5 7. d5 e6 8. Bd3 exd5
9. cxd5 Re8 10. O-O Bg4 11. h3 Bxf3 12. Qxf3 Qa5 13. g4 c4 14. Bc2 Nfd7 15. f5
Ne5 16. Qg3 Nbd7 17. Bf4 b5 18. Bxe5 Bxe5 19. Qf3 Rf8 20. h4 Nc5 21. a3 Qb6 22.
Kg2 a5 23. h5 g5 24. f6 h6 25. Qe3 b4 26. Rf5 Kh7 27. Rxg5 hxg5 28. Qxg5 Rg8
29. Qf5+ Kh6 30. Ne2 bxa3 31. Rg1 Qxb2 32. Kh3 Bxf6 33. e5 Nd3 34. Qxf6+ Kh7
35. Qf5+ Kh8 36. Qf6+ Kh7 37. Qf5+ Kh8 1/2-1/2

[Event "DEM U12/U12w 2009"]
[Site "Willingen GER"]
[Date "2009.06.05"]
[Round "10"]
[White "Kasel, Ronaldo"]
[Black "Kast, Joannis"]
[Result "1/2-1/2"]
[Termination "normal"]
[Board "24"]
[WhiteElo "1544"]
[BlackElo "1618"]
[PlyCount "91"]
[WhiteFideId "24660949"]
[BlackFideId "24698776"]
[EventCountry "GER"]
[EventRounds "11"]
[EventType "swiss"]
[EventDate "2009.05.30"]

1. e4 e5 2. Nf3 Nc6 3. Bc4 Bc5 4. Nc3 Nf6 5. d3 d6 6. h3 Be6 7. Bb3 Qd7 8. Be3
Bb6 9. O-O h6 10. Qe2 g5 11. Nh2 O-O-O 12. Nd5 Nh7 13. Qh5 Rdg8 14. Ng4 Bxg4
15. Qxg4 Qxg4 16. hxg4 Bxe3 17. fxe3 Rg7 18. Rf3 Kd7 19. Raf1 Nd8 20. Nf6+ Nxf6
21. Rxf6 Ke7 22. c3 Rg6 23. R6f5 f6 24. d4 Nc6 25. Bc2 Rb8 26. Bd3 Rf8 27. d5
Nb8 28. R1f2 Nd7 29. b4 Rf7 30. a4 Rg8 31. a5 Ra8 32. g3 Rb8 33. Rh2 Rh7 34.
Bb5 Rf8 35. Rhf2 Rhf7 36. Rh2 Rh7 37. Rhf2 Rhf7 38. Ba4 Ke8 39. c4 Ke7 40. Bb3
Rb8 41. c5 b6 42. c6 Nf8 43. a6 Ng6 44. b5 Rh8 45. Rh2 Rff8 46. Rhf2 1/2-1/2

[Event "DEM U12/U12w 2009"]
[Site "Willingen GER"]
[Date "2009.06.05"]
[Round "10"]
[White "Hecht, Carsten"]
[Black "Wendland, Tobias"]
[Result "1-0"]
[Termination "normal"]
[Board "25"]
[WhiteElo "1605"]
[BlackElo "1622"]
[PlyCount "87"]
[WhiteFideId "24693928"]
[BlackFideId "24662267"]
[EventCountry "GER"]
[EventRounds "11"]
[EventType "swiss"]
[EventDate "2009.05.30"]

1. d4 d5 2. Nf3 Nf6 3. Bf4 Bg4 4. Ne5 Bf5 5. e3 e6 6. Bd3 Bxd3 7. Qxd3 c6 8.
Nd2 Be7 9. c3 Nbd7 10. Ndf3 O-O 11. h3 Qb6 12. Rb1 Nxe5 13. dxe5 Ne4 14. O-O
Rac8 15. Ne1 Nc5 16. Qc2 Rfd8 17. Nf3 Nd7 18. Qe2 c5 19. Rfd1 Qa5 20. a3 Qc7
21. Bh2 Nb6 22. e4 Rd7 23. exd5 Nxd5 24. c4 Nb6 25. Rxd7 Qxd7 26. Rd1 Qa4 27.
Nd2 Rd8 28. Rc1 Bg5 29. f4 Be7 30. Kh1 h6 31. Bg1 Qa6 32. Ne4 Qa5 33. Qe3 Rd4
34. Qe2 Rd8 35. Qe3 Rc8 36. Qd3 Na4 37. Qd7 Qc7 38. Qxa4 a6 39. Rd1 f6 40. Rd7
Qc6 41. Qxc6 Rxc6 42. Rxe7 b5 43. cxb5 axb5 44. Nxc5 1-0

[Event "DEM U12/U12w 2009"]
[Site "Willingen GER"]
[Date "2009.06.05"]
[Round "10"]
[White "Lieber, Carl"]
[Black "Senf, Paul"]
[Result "1/2-1/2"]
[Termination "normal"]
[Board "26"]
[WhiteElo "1587"]
[BlackElo "1330"]
[PlyCount "67"]
[BlackFideId "12900389"]
[EventCountry "GER"]
[EventRounds "11"]
[EventType "swiss"]
[EventDate "2009.05.30"]

1. e4 c6 2. d4 d5 3. Nd2 dxe4 4. Nxe4 Nd7 5. Nf3 Ngf6 6. Ng3 e6 7. Bd3 Be7 8.
O-O O-O 9. c4 b6 10. Ne5 c5 11. Nc6 Qe8 12. Nxe7+ Qxe7 13. d5 exd5 14. cxd5 Bb7
15. Re1 Qd8 16. d6 Re8 17. Nf5 a6 18. Ne7+ Kh8 19. Bd2 b5 20. b3 b4 21. Bc4 Rf8
22. Qc2 Qb6 23. Qd3 Rae8 24. f3 Bc6 25. Bxa6 c4+ 26. Be3 Qxa6 27. Qxc4 Qxc4 28.
bxc4 Ba8 29. Ba7 Bb7 30. Bd4 Ra8 31. Re3 Rfb8 32. Rb3 Ra4 33. Rab1 Ba8 34. R1b2
1/2-1/2

[Event "DEM U12/U12w 2009"]
[Site "Willingen GER"]
[Date "2009.06.05"]
[Round "10"]
[White "Lagunow, Elina"]
[Black "Srokovskiy, Andrea"]
[Result "1-0"]
[Termination "normal"]
[Board "27"]
[WhiteElo "1726"]
[BlackElo "1809"]
[PlyCount "99"]
[WhiteFideId "4673387"]
[BlackFideId "4624947"]
[EventCountry "GER"]
[EventRounds "11"]
[EventType "swiss"]
[EventDate "2009.05.30"]

1. Nf3 c5 2. g3 b6 3. Bg2 Bb7 4. O-O e6 5. d3 d6 6. e4 Be7 7. Nbd2 Nd7 8. Qe2
d5 9. Ne1 Qc7 10. f4 O-O-O 11. Ndf3 c4 12. Kh1 f6 13. Nd4 Nf8 14. Qg4 Bc5 15.
Nb5 Nh6 16. Qe2 cxd3 17. cxd3 Qb8 18. Be3 Nd7 19. Rc1 a6 20. Nd4 Qd6 21. b4 Kb8
22. bxc5 bxc5 23. Nb3 d4 24. Bd2 Rc8 25. Rb1 Ka7 26. Nc2 e5 27. Rfc1 Rc7 28.
Na3 Rb8 29. Nc4 Qe7 30. Ba5 Rc6 31. Qb2 Ba8 32. Qa3 Rb5 33. Nxd4 exd4 34. Rxb5
axb5 35. Bb6+ Kb7 36. Qa7+ Kc8 37. Qxa8+ Nb8 38. Ba7 Qc7 39. Na5 Qxa5 40. Qxb8+
Kd7 41. Qb7+ Rc7 42. Qd5+ Kc8 43. Bh3+ f5 44. Bxc5 Qd2 45. Rg1 Qxd3 46. exf5
Rd7 47. Qc6+ Rc7 48. Qe8+ Kb7 49. Bg2+ Ka6 50. Qa8+ 1-0

[Event "DEM U12/U12w 2009"]
[Site "Willingen GER"]
[Date "2009.06.05"]
[Round "10"]
[White "Hümmecke, Aaron"]
[Black "Gröning, Finn Jonathan"]
[Result "1-0"]
[Termination "normal"]
[Board "28"]
[WhiteElo "1578"]
[BlackElo "1513"]
[PlyCount "131"]
[WhiteFideId "24692522"]
[BlackFideId "1271634"]
[EventCountry "GER"]
[EventRounds "11"]
[EventType "swiss"]
[EventDate "2009.05.30"]

1. e4 c6 2. d4 d5 3. exd5 cxd5 4. c4 Nf6 5. Nc3 e6 6. Nf3 Bb4 7. cxd5 Nxd5 8.
Bd2 Nf6 9. a3 Ba5 10. Bd3 O-O 11. Bg5 h6 12. Bh4 Nc6 13. O-O Bb6 14. Ne2 Qe7
15. Bc2 Rd8 16. Bg3 e5 17. Bxe5 Nxe5 18. Nxe5 Bxd4 19. Nxd4 Qxe5 20. Nf3 Rxd1
21. Nxe5 Rxa1 22. Rxa1 Be6 23. Rd1 Rc8 24. Bb1 Bb3 25. Re1 Re8 26. Nf3 Rxe1+
27. Nxe1 Bd5 28. Kf1 Kf8 29. Ke2 Ke7 30. g3 Kd6 31. f4 a6 32. Nf3 Bxf3+ 33.
Kxf3 Kc5 34. Ba2 Kd4 35. Bxf7 Kd3 36. b3 Nd7 37. Bd5 b6 38. b4 Kc3 39. Ke4 Nf6+
40. Ke5 Nxd5 41. Kxd5 Kb3 42. Ke6 Kxa3 43. Kf7 Kb3 44. Kxg7 a5 45. bxa5 bxa5
46. f5 a4 47. f6 a3 48. f7 a2 49. f8=Q a1=Q+ 50. Qf6 Qg1 51. Qxh6 Kc4 52. Qf4+
Kd5 53. h4 Ke6 54. g4 Qa7+ 55. Kg6 Qa8 56. Qf5+ Ke7 57. Qf6+ Kd7 58. h5 Qg2 59.
g5 Qc2+ 60. Qf5+ Qxf5+ 61. Kxf5 Ke7 62. g6 Kf8 63. Kf6 Kg8 64. g7 Kh7 65. Kf7
Kh6 66. g8=Q 1-0

[Event "DEM U12/U12w 2009"]
[Site "Willingen GER"]
[Date "2009.06.05"]
[Round "10"]
[White "Huckebrink, Chris"]
[Black "Brinkmann, Fabian"]
[Result "0-1"]
[Termination "normal"]
[Board "29"]
[WhiteElo "1489"]
[BlackElo "1601"]
[PlyCount "52"]
[BlackFideId "24661414"]
[EventCountry "GER"]
[EventRounds "11"]
[EventType "swiss"]
[EventDate "2009.05.30"]

1. e4 c6 2. d4 d5 3. exd5 cxd5 4. c4 Nf6 5. Nc3 e6 6. Nf3 Nc6 7. Be3 Be7 8. Bd3
O-O 9. Qc2 Nb4 10. Qe2 Nxd3+ 11. Qxd3 dxc4 12. Qxc4 b6 13. Rd1 Bb7 14. Qe2 Rc8
15. O-O Nd5 16. Nxd5 Qxd5 17. b3 Qa5 18. Qb2 Ba3 19. Qb1 Bb4 20. Rc1 Bc3 21.
Kh1 f5 22. b4 Bxb4 23. Rxc8 Rxc8 24. Rc1 Rxc1+ 25. Bxc1 Qa6 26. Nd2 Qe2 0-1

[Event "DEM U12/U12w 2009"]
[Site "Willingen GER"]
[Date "2009.06.05"]
[Round "10"]
[White "Gabriel, Liem Thanh"]
[Black "Mehling, Katharina"]
[Result "1/2-1/2"]
[Termination "normal"]
[Board "30"]
[WhiteElo "1798"]
[BlackElo "1352"]
[PlyCount "86"]
[WhiteFideId "24696005"]
[BlackFideId "12900362"]
[EventCountry "GER"]
[EventRounds "11"]
[EventType "swiss"]
[EventDate "2009.05.30"]

1. e4 d6 2. d4 Nf6 3. Nc3 g6 4. Nf3 Bg7 5. Be2 O-O 6. O-O Nbd7 7. Be3 e5 8.
dxe5 Nxe5 9. Qd2 Re8 10. Rad1 Neg4 11. Bg5 h6 12. Bh4 g5 13. Bg3 Nxe4 14. Nxe4
Rxe4 15. h3 Nf6 16. Bd3 Re8 17. Rfe1 Rxe1+ 18. Rxe1 Be6 19. Nd4 Qd7 20. f4 g4
21. f5 Bd5 22. c4 Bc6 23. hxg4 Nxg4 24. Qf4 Nf6 25. Qh4 Kh7 26. Bf4 Qd8 27. g4
Ne4 28. Nf3 Qxh4 29. Nxh4 Bf6 30. Bxe4 Bxe4 31. Rxe4 Bxh4 32. Kg2 Kg7 33. Kf3
Bg5 34. b3 Bxf4 35. Kxf4 Kf6 36. Re2 Rd8 37. Rd2 c6 38. Rh2 Kg7 39. Rd2 Kf6 40.
Rh2 Rh8 41. Rh5 Ke7 42. Ke4 Kd7 43. Kd4 f6 1/2-1/2

[Event "DEM U12/U12w 2009"]
[Site "Willingen GER"]
[Date "2009.06.05"]
[Round "10"]
[White "Ismail, Nabil"]
[Black "Myagkov, Kirill"]
[Result "0-1"]
[Termination "normal"]
[Board "31"]
[WhiteElo "1400"]
[BlackElo "1551"]
[PlyCount "90"]
[BlackFideId "24657042"]
[EventCountry "GER"]
[EventRounds "11"]
[EventType "swiss"]
[EventDate "2009.05.30"]

1. e4 d5 2. exd5 Qxd5 3. Nc3 Qa5 4. d4 c6 5. Bd2 Qc7 6. Nf3 Bg4 7. Be2 Nd7 8.
O-O Ngf6 9. Ng5 Bxe2 10. Qxe2 h6 11. Nge4 e6 12. Qf3 O-O-O 13. Rad1 Nxe4 14.
Nxe4 f5 15. Nc3 g5 16. Qh3 g4 17. Qg3 Bd6 18. Qh4 Nb6 19. Rfe1 Rde8 20. Re2 h5
21. Rde1 Qf7 22. b3 f4 23. Qg5 f3 24. Re4 fxg2 25. Qe3 Qc7 26. Rxe6 Bxh2+ 27.
Kxg2 Ref8 28. Qe4 h4 29. Qxg4 Kb8 30. Rg6 h3+ 31. Kf1 Qf7 32. Nd1 Bc7 33. Kg1
h2+ 34. Kh1 Qd5+ 35. Qg2 Qf7 36. Ree6 Nd5 37. Rh6 Rhg8 38. Rhg6 Rxg6 39. Rxg6
Ne7 40. Rg7 Qe6 41. Be3 Nf5 42. Rg6 Qf7 43. c3 Nh4 44. Rg7 Nxg2 45. Rxf7 Rxf7
0-1

[Event "DEM U12/U12w 2009"]
[Site "Willingen GER"]
[Date "2009.06.05"]
[Round "10"]
[White "Peters, Tom"]
[Black "Jermann, Isabel"]
[Result "1-0"]
[Termination "normal"]
[Board "32"]
[WhiteElo "1528"]
[BlackElo "1328"]
[PlyCount "57"]
[WhiteFideId "24694444"]
[EventCountry "GER"]
[EventRounds "11"]
[EventType "swiss"]
[EventDate "2009.05.30"]

1. e4 d5 2. exd5 Qxd5 3. Nc3 Qd6 4. d4 Nf6 5. Bd3 Qxd4 6. Bb5+ c6 7. Qxd4 cxb5
8. Nxb5 Na6 9. Bf4 Bd7 10. Nc7+ Nxc7 11. Bxc7 e6 12. Bd6 Bxd6 13. Qxd6 Rc8 14.
c3 Bc6 15. Nf3 Ne4 16. Qd4 O-O 17. Qxa7 Rfd8 18. Nd4 Bd5 19. O-O Rd6 20. Qa4
Ra6 21. Qc2 Nd6 22. Rfe1 Be4 23. Rxe4 Nxe4 24. Qxe4 Rc7 25. Rd1 g6 26. Nf3 Rxa2
27. h3 Rxb2 28. Rd8+ Kg7 29. Qe5+ 1-0

[Event "DEM U12/U12w 2009"]
[Site "Willingen GER"]
[Date "2009.06.05"]
[Round "10"]
[White "Zimmermann, Jasmin"]
[Black "Fell, Fabian"]
[Result "1-0"]
[Termination "normal"]
[Board "33"]
[WhiteElo "1283"]
[BlackElo "1488"]
[PlyCount "125"]
[WhiteFideId "12900400"]
[BlackFideId "24698873"]
[EventCountry "GER"]
[EventRounds "11"]
[EventType "swiss"]
[EventDate "2009.05.30"]

1. d3 e5 2. Nf3 Nc6 3. g3 d5 4. Bg2 Nf6 5. O-O Bc5 6. Nxe5 Nxe5 7. d4 Ned7 8.
dxc5 Nxc5 9. Bg5 c6 10. Qd4 Ne6 11. Qh4 Nxg5 12. Qxg5 O-O 13. Nd2 h6 14. Qf4
Re8 15. Rfe1 Be6 16. Rad1 Qb6 17. Nb3 a5 18. Qd4 Qxd4 19. Rxd4 Bf5 20. c4 dxc4
21. Rxc4 Be4 22. Nc5 Bxg2 23. Kxg2 Re7 24. e3 Rd8 25. Nb3 Rd5 26. Ra4 b6 27.
Rd4 c5 28. Rxd5 Nxd5 29. Rd1 Rd7 30. Kf3 Kf8 31. e4 Nf6 32. Rxd7 Nxd7 33. Ke3
Ke7 34. f4 a4 35. Nd2 b5 36. Kd3 Kd6 37. Nb1 Nb6 38. b3 axb3 39. axb3 b4 40.
Nd2 Nd7 41. Nc4+ Kc6 42. e5 Kd5 43. Ne3+ Kc6 44. Ke4 Nb6 45. h4 g6 46. g4 Kd7
47. Nd5 Nc8 48. f5 Ne7 49. Nxe7 Kxe7 50. Kd5 h5 51. f6+ Kd7 52. g5 c4 53. Kxc4
Ke6 54. Kxb4 Kxe5 55. Kc5 Kf5 56. b4 Kg4 57. b5 Kxh4 58. b6 Kg3 59. b7 h4 60.
b8=Q+ Kg2 61. Kd6 h3 62. Ke7 h2 63. Qxh2+ 1-0

[Event "DEM U12/U12w 2009"]
[Site "Willingen GER"]
[Date "2009.06.05"]
[Round "10"]
[White "Lemke, Berfîn"]
[Black "Hoffmann, Tim"]
[Result "0-1"]
[Termination "normal"]
[Board "34"]
[WhiteElo "1312"]
[BlackElo "1455"]
[PlyCount "84"]
[WhiteFideId "1270578"]
[BlackFideId "12900338"]
[EventCountry "GER"]
[EventRounds "11"]
[EventType "swiss"]
[EventDate "2009.05.30"]

1. e4 c5 2. Nf3 e6 3. d4 cxd4 4. Nxd4 Nf6 5. Nc3 Bb4 6. e5 Ne4 7. Bd2 Bxc3 8.
bxc3 Nxd2 9. Qxd2 a6 10. Bd3 Nc6 11. Nf3 b5 12. O-O Bb7 13. Rfe1 h6 14. Qf4 Ne7
15. Be4 Bxe4 16. Qxe4 O-O 17. Qb4 Nd5 18. Qd4 Qc7 19. Red1 Rac8 20. Rd3 Rfd8
21. Rd2 Qxc3 22. Qxc3 Nxc3 23. Kf1 Rc5 24. a3 Rd5 25. Rxd5 Nxd5 26. Rd1 f6 27.
Re1 Kf7 28. h3 Rc8 29. Rc1 Rc3 30. exf6 gxf6 31. Ra1 Rxc2 32. Ne1 Rc4 33. Nd3
Rc3 34. Ke2 e5 35. Kd2 Rc8 36. Nc1 e4 37. Ne2 Rc4 38. Rb1 Ke6 39. g3 f5 40. Rb3
Ke5 41. Rb1 Ra4 42. Ra1 b4 0-1

[Event "DEM U12/U12w 2009"]
[Site "Willingen GER"]
[Date "2009.06.05"]
[Round "10"]
[White "Bosse, Lea"]
[Black "Stolberg, Daniel"]
[Result "1-0"]
[Termination "normal"]
[Board "36"]
[WhiteElo "1254"]
[BlackElo "1412"]
[PlyCount "143"]
[WhiteFideId "12900419"]
[EventCountry "GER"]
[EventRounds "11"]
[EventType "swiss"]
[EventDate "2009.05.30"]

1. e4 c6 2. d4 g6 3. Bd3 Bg7 4. c3 d5 5. exd5 cxd5 6. Bf4 Nf6 7. Nf3 Bg4 8.
Nbd2 O-O 9. h3 Bxf3 10. Nxf3 Nc6 11. O-O e6 12. Qb3 Qc8 13. Rae1 Na5 14. Qa4
Nc4 15. Qc2 Qc6 16. b3 Nb6 17. Ne5 Qc8 18. Bh2 Nbd7 19. f4 Qd8 20. Rf3 Nb6 21.
h4 Nh5 22. Rh3 Bf6 23. g3 Nc8 24. Be2 Ng7 25. h5 Ne7 26. hxg6 Nxg6 27. Kg2 Nf5
28. Bd3 Bxe5 29. dxe5 d4 30. Bxf5 exf5 31. Rd1 Qd5+ 32. Kf2 Rac8 33. c4 Qc5 34.
Qxf5 Rfd8 35. Qd3 Qa5 36. Qd2 Qc3 37. Kg2 Ne7 38. g4 Qxd2+ 39. Rxd2 Rd7 40. Bg1
Rcd8 41. Kf3 Nc6 42. Rdh2 f6 43. exf6 d3 44. Rd2 b6 45. Ke4 Re8+ 46. Kf3 Red8
47. Kf2 Nb4 48. a3 Nc6 49. Bh2 Na5 50. f7+ Kxf7 51. Rxh7+ Kg6 52. Rxd7 Rxd7 53.
Ke3 Nxb3 54. Rxd3 Nc5 55. Rxd7 Nxd7 56. Bg1 Nf6 57. Kf3 Nd7 58. Bd4 Kf7 59. Ke4
Ke6 60. Be5 Nc5+ 61. Kd4 Nb3+ 62. Kc3 Na5 63. Kd4 Nb3+ 64. Kd3 Nc5+ 65. Kc3 a5
66. Bd4 Nd7 67. Kb3 Kf7 68. Ka4 Ke6 69. Kb5 Kf7 70. Bxb6 Nf6 71. c5 Nxg4 72. c6
1-0

[Event "DEM U12/U12w 2009"]
[Site "Willingen GER"]
[Date "2009.06.05"]
[Round "10"]
[White "Oltmanns, Bianca"]
[Black "Schwarz, Larissa"]
[Result "1-0"]
[Termination "normal"]
[Board "37"]
[WhiteElo "1234"]
[BlackElo "1403"]
[PlyCount "76"]
[WhiteFideId "24698008"]
[BlackFideId "24699004"]
[EventCountry "GER"]
[EventRounds "11"]
[EventType "swiss"]
[EventDate "2009.05.30"]

1. e4 c5 2. Nf3 e6 3. d4 cxd4 4. Nxd4 a6 5. Nc3 Qc7 6. Be2 Nf6 7. O-O b5 8. a3
Bb7 9. Qd3 Be7 10. Kh1 O-O 11. f4 e5 12. Nb3 Rd8 13. f5 d5 14. exd5 Nxd5 15.
Qg3 Bf6 16. Bd2 Nxc3 17. Bxc3 Nc6 18. Bd3 Rac8 19. Nc5 Re8 20. Rfe1 Ne7 21.
Nxb7 Qxb7 22. Bxe5 Bxe5 23. Rxe5 Qc6 24. Rae1 Rc7 25. c3 Rd7 26. Qe3 Qd6 27.
Bc2 Kf8 28. Bb3 Rdd8 29. Qh3 h6 30. Qh5 Qf6 31. Qg4 Nxf5 32. Rxe8+ Rxe8 33.
Qb4+ Ne7 34. Kg1 Qb6+ 35. Kh1 Qf2 36. Rb1 Kg8 37. Qe4 Kf8 38. Qb7 f6 1-0

[Event "DEM U12/U12w 2009"]
[Site "Willingen GER"]
[Date "2009.06.05"]
[Round "10"]
[White "Siegert, Gregor"]
[Black "Bajorski, Maria Sophie"]
[Result "1-0"]
[Termination "normal"]
[Board "38"]
[WhiteElo "1392"]
[BlackElo "1485"]
[PlyCount "95"]
[WhiteFideId "1271250"]
[BlackFideId "24654531"]
[EventCountry "GER"]
[EventRounds "11"]
[EventType "swiss"]
[EventDate "2009.05.30"]

1. d4 d5 2. c4 e6 3. Nc3 c5 4. e3 Nc6 5. Nf3 Nf6 6. a3 Be7 7. dxc5 Bxc5 8. b4
Bb6 9. c5 Bc7 10. Nb5 a6 11. Nxc7+ Qxc7 12. Bb2 e5 13. Be2 O-O 14. O-O Bf5 15.
Qb3 Rab8 16. a4 b5 17. cxb6 Rxb6 18. b5 Bg4 19. Qc2 e4 20. Nd4 Bxe2 21. Nxe2
axb5 22. axb5 Rxb5 23. Rfc1 Rc8 24. Qxc6 Qxc6 25. Rxc6 Rcb8 26. Be5 Rd8 27.
Bxf6 gxf6 28. Rxf6 Rdb8 29. Rc6 Rb2 30. Nd4 Rb1+ 31. Rc1 R1b7 32. g4 Kg7 33. h4
h6 34. Ra5 Rd7 35. Nf5+ Kh7 36. Rc6 h5 37. Rh6+ Kg8 38. Rxh5 Rc7 39. Kg2 Rb1
40. Rxd5 Rc8 41. Ne7+ Kg7 42. Nxc8 f5 43. Rhxf5 Rb8 44. Rd7+ Kg6 45. Ne7+ Kg7
46. Nc6+ Kg6 47. Nxb8 Kh6 48. Rf6# 1-0

[Event "DEM U12/U12w 2009"]
[Site "Willingen GER"]
[Date "2009.06.05"]
[Round "10"]
[White "Priese, Annika"]
[Black "Koch, Elisabeth"]
[Result "1-0"]
[Termination "normal"]
[Board "39"]
[WhiteElo "1446"]
[BlackElo "1301"]
[PlyCount "125"]
[WhiteFideId "24673730"]
[BlackFideId "24695068"]
[EventCountry "GER"]
[EventRounds "11"]
[EventType "swiss"]
[EventDate "2009.05.30"]

1. e4 e5 2. Nc3 Nf6 3. g3 Bc5 4. Bg2 O-O 5. Nge2 d6 6. h3 Nbd7 7. O-O Re8 8.
Re1 Nf8 9. d4 Bb6 10. Bg5 c6 11. d5 Ng6 12. Rf1 Bd7 13. Kh1 h6 14. Bd2 Qc8 15.
Ng1 a5 16. Rc1 h5 17. Bg5 h4 18. gxh4 Nh7 19. Qh5 Bd8 20. Kh2 Nf6 21. Bxf6 Bxf6
22. Nge2 Bxh4 23. f4 Bf6 24. Rf3 exf4 25. Nxf4 Nxf4 26. Rxf4 g6 27. Qh6 Be5 28.
Rcf1 Bxf4+ 29. Rxf4 Re5 30. Rh4 Rh5 31. Rxh5 gxh5 32. Qxh5 Kf8 33. h4 Ke7 34.
Qg5+ Ke8 35. h5 Qd8 36. Qg8+ Ke7 37. Qg5+ Kf8 38. Qf4 Kg7 39. Qg3+ Kh6 40. Bf3
Qf6 41. Ne2 Qe5 42. Qxe5 dxe5 43. c4 f5 44. Ng3 f4 45. Ne2 Be8 46. Nc3 Bxh5 47.
Kg2 Bxf3+ 48. Kxf3 Kg5 49. Na4 Rd8 50. Nc5 cxd5 51. Ne6+ Kf6 52. Nxd8 dxe4+ 53.
Kxe4 b6 54. Nc6 f3 55. Kxf3 Kf5 56. a3 a4 57. Ne7+ Ke6 58. Nd5 Kd6 59. Nxb6 Kc5
60. Nxa4+ Kxc4 61. Ke4 Kb3 62. Nc3 Kxb2 63. a4 1-0

[Event "DEM U12/U12w 2009"]
[Site "Willingen GER"]
[Date "2009.06.05"]
[Round "10"]
[White "Cech, Tim"]
[Black "Herbrig, Marie-Helen"]
[Result "0-1"]
[Termination "normal"]
[Board "40"]
[WhiteElo "1410"]
[BlackElo "1248"]
[PlyCount "128"]
[WhiteFideId "1270258"]
[BlackFideId "12900427"]
[EventCountry "GER"]
[EventRounds "11"]
[EventType "swiss"]
[EventDate "2009.05.30"]

1. c4 e5 2. Nc3 Nc6 3. g3 Nf6 4. Bg2 Bc5 5. Nf3 O-O 6. O-O d5 7. cxd5 Nxd5 8.
Nxe5 Nxc3 9. bxc3 Nxe5 10. d4 Bxd4 11. cxd4 Nc6 12. Bb2 Bd7 13. e4 Re8 14. Re1
a5 15. a3 a4 16. Rc1 Na5 17. e5 Rb8 18. d5 Nb3 19. Rc4 Ra8 20. Qc2 Rc8 21. Qc3
Re7 22. d6 cxd6 23. Rxc8 Qxc8 24. exd6 Rxe1+ 25. Qxe1 Qc2 26. Qe5 Qd1+ 27. Bf1
f6 28. Qe2 Qxd6 29. Qf3 Bc6 30. Bc4+ Kh8 31. Qf5 Qd1+ 32. Bf1 Bd7 33. Qd3 Qxd3
34. Bxd3 Nc5 35. Bc4 b5 36. Bd5 h6 37. Bc3 Kh7 38. Bd4 Ne6 39. Bxe6 Bxe6 40.
Kf1 Bc4+ 41. Ke1 Kg6 42. Kd2 Kf5 43. Kc3 Ke4 44. Be3 g5 45. Bd4 f5 46. Bg7 h5
47. Bd4 g4 48. Be3 Kf3 49. Kd4 Be6 50. Kc5 Bc4 51. Kd6 Kg2 52. Ke5 Bd3 53. Kd4
Be4 54. Kc5 Bd3 55. Kd4 Bc2 56. Kc5 Kxh2 57. Kxb5 Kh3 58. Bg5 Kg2 59. Be3 Kf3
60. Kc5 f4 61. Bxf4 h4 62. gxh4 Kxf4 63. Kc4 Kf3 64. Kc3 Bg6 0-1